| 000 | 00000nam##2200000za#4500 |
| 001 | 9.694015 |
| 003 | CaOODSP |
| 005 | 20240209132432 |
| 007 | cr ||||||||||| |
| 008 | 150407|2001||||xxc|||||o f|0| 0 eng|d |
| 040 | |aCaOODSP|beng |
| 043 | |an-cn--- |
| 086 | 1 |aC89-4/27-3-2001E-PDF |
| 110 | 2 |aAtlantic Canada Opportunities Agency. |
| 245 | 10|aImproving your competitiveness |h[electronic resource] |
| 246 | 1 |iAt head of title : |aBusiness Development Program |
| 260 | |aMoncton - New Brunswick : |bAtlantic Canada Opportunities Agency |c[2001]. |
| 300 | |a1p.|bphotographs |
| 500 | |aThe catalogue number (C89-4/27-3-2001E) and ISBN (0-662-64635-5) for the bilingual print edition have been incorrectly copied in this electronic publication. |
| 590 | |a11-06-Supp|b2011-04-14 |
| 690 | 07|aAtlantic provinces|2gcpds |
| 690 | 07|aCompetitiveness|2gcpds |
| 775 | 08|tL'amélioration de la compétitivité |w(CaOODSP)9.638198 |
| 776 | 0#|tImproving your competitiveness |w(CaOODSP)9.661479 |
| 776 | 0#|tL'amélioration de la compétitivité |w(CaOODSP)9.661480 |
| 856 | 40|ahttp://publications.gc.ca|qPDF|s232 KB|uhttps://publications.gc.ca/collections/collection_2010/apeca-acoa/C89-4-27-3-2001-eng.pdf |